| 000 | 01798nam0a22003611 4500 | ||
|---|---|---|---|
| 001 | RU\NLR\INFOCOMM_190\5000054737 | ||
| 005 | 20250613094049.0 | ||
| 035 | _a(NLR Aleph) 009237884 | ||
| 090 |
_a8906748 _c8906748 |
||
| 100 | _a20100701d1984 |||y0rusy50 ca | ||
| 101 | 0 |
_aeng _drus |
|
| 102 | _aRU | ||
| 105 | _ay ||||000|y | ||
| 200 | 1 |
_aBasic equations for odd spherical nuclei in the quasiparticle-phonon nuclear model _fDao Tien Khoa, A. I. Vdovin, V. V. Voronov |
|
| 210 |
_aДубна _cОбъед. ин-т ядер. исслед. _d1984 |
||
| 215 |
_a15 с. _d21 см |
||
| 225 | 1 |
_aОбъединенный институт ядерных исследований, Дубна _vЕ2-84-501 |
|
| 300 | _aНа послед. с.: Основные уравнения квазичастично-фононной модели ядра для нечетных сферических ядер / Дао Тиен Кхоа, Вдовин А. И., Воронов В. В. | ||
| 300 | _aРез. на рус. яз. | ||
| 300 | _a"Submitted to "TMФ" | ||
| 320 | _aБиблиогр.: с. 14 | ||
| 606 |
_aАтомное ядро сферическое нечетное _xМодель квазичастично-фононная _2nlr_sh1 |
||
| 686 |
_aВ383.143 _2rubbk |
||
| 700 | 0 |
_aDao Tien Khoa _4070 |
|
| 701 | 1 |
_9z01790 _aVdovin _bA. I. _gAndrej Ivanovič _4070 |
|
| 701 | 1 |
_4070 _7ba _8rus _aVoronov _bV. V. _cд-р физ.-мат. наук _f1946- _gViktor Vasil'evič _9172356 _3RU\NLR\AUTH\770172406 |
|
| 790 | 1 |
_9z01701 _aVdovin _bA. I. _4070 |
|
| 790 | 1 |
_4070 _7ba _8rus _aVoronov _bV. V. _cд-р физ.-мат. наук _f1946- _gViktor Vasil'evič _9172356 _3RU\NLR\AUTH\770172406 |
|
| 801 | 1 |
_aRU _bNLR _c20100701 |
|
| 801 | 0 |
_aRU _bNLR _gPSBO |
|
| 852 |
_aNLR _jФз01 Д-4/2701 |
||
| 942 | _cBOOK | ||
| 980 | _aNB | ||